| 000 | 00485nam a2200193Ia 4500 | ||
|---|---|---|---|
| 003 | GCL | ||
| 008 | 140319s9999 xx 000 0 eng d | ||
| 040 |
_aGCL / _cGCL |
||
| 082 | 0 | 4 |
_a953.8 _bD K |
| 100 | 1 | _aDUNIPACE, ROBIN | |
| 245 | 1 | 0 |
_aTHE KINGDOM OF SAUDI ARABIA / _cDUNIPACE, ROBIN |
| 700 | 1 | _aHANBURY, RHONA | |
| 260 |
_a[S.N] : _bSTACEY INTERNATIONAL ، _c1977 |
||
| 300 | _a255 P | ||
| 650 | 0 | 4 | _aنجد |
| 650 | 0 | 4 | _aCULTURE |
| 650 | 0 | 4 | _aSAUDI ARABIA |
| 942 |
_2ddc _cBK |
||
| 999 |
_c22082 _d22082 |
||